00818nam a2200229Ia 4500003000900000008004100009020000700050040001600057080001600073245009400089260003300183300001400216490006400230650002300294650004100317700003100358700002900389700003100418942000700449999001500456952011700471IN-BaIIA211028s9999 xx 000 0 eng d aNO cIIA Library a629.19bALP 0aVistas in Astronauticsbvol. 2cedited by Morton Alperin, Marvin Stern and Harold Wooster aLondon, Pergamon Pressc1958 axi, 330p. aInternational Series of Monographs on Aeronautical Sciences aAstronautics93551 aAstronomy and Astrophysics Thesaurus aAlperin, Morton.,ed.93552 aStern, Marvin.,ed.93553 aWooster, Harold.,ed.93554 cBK c1852d1852 00104070aBANbKODcGENd0000-00-00g69.30l0o629.19/ ALPp2036r2021-11-05v69.30w0000-00-00yBKGRs. 69.30